000 00690nam a2200205 a 4500
005 20220915172041.0
008 131210s2010 mx r 000 0 spa d
020 _a9786073102490
035 _aUPN01000194687
049 _aCG
050 4 _aPQ3919.3 S9.3
_bF7.5
100 1 _aSzalowski, Pierre
_935329
245 1 3 _aEl frío modifica la trayectoria de los peces /
_cPierre Szalowski ; tr. Esther Andrés Gromaches.
260 _aMéxico :
_bDebolsillo,
_c2010.
300 _a211 p. :
_bil.
534 _pTítulo original :
_tLe froid modifie la trajectoire des poissons
650 0 _aNovela juvenil canadiense
_922998
650 0 _aRelaciones de pareja
_vNovela
_922462
905 _aLibro
999 _c166788
_d166788